LDR 01023naa#a2200181#i#450# 001 RU\\bibl\121032 005 20260501044107.5 011 ## _a1994-5655 100 ## _a20260428b2026####ek#y0rusy0150####ca 102 ## _aRU 200 1# _aТехнология кузнечных изделий Кокпомъягского могильника _eЖурнальная статья 210 1# _aСыктывкар _cФГБУ ФИЦ «Коми научный центр Уральского отделения Российской академии наук» _d2026 215 ## _a11 с. 608 ## _aЖурнальная статья _2local 675 ## _aПредыстория. Доисторические остатки, орудия труда, древности. Интерпретация и синтез материальных остатков древнего человека, его культур и цивилизаций. 903 _z 700 #1 _aСмертин _gА. Р. 700 #1 _aСавельева _gЭ. А. 856 4# _akomisc.editorum.ru _u